00853 a2200217 4500003000500000005001700005020001800022040000900040082001500049100002000064245004600084260004200130300001600172440006900188440007300257505022400330650001800554650001800572650001800590650002700608Nust20220720102758.0 a0-7923-9048-2 cNust a003.54,GRA1 aGray, Robert M.00aSource coding theory /cby Robert M. Gray aBoston :bKluwer Academic,ccop. 1990 axii, 188 s. 0aKluwer international series in engineering and computer science, 0aThe Kluwer international series in engineering and computer science, aInformation Sources (Page-1), Codes, Distortion and Information (Page-27), Distortion-Rate Theory (Page-53), Rate-Distortion Functions (Page-81), High Rate Quantization (Page-115), Uniform Quantization Noise (Page-137). 0aCoding theory 0aCoding theory 0aKodningsteori 0aRate distortion theory